00638nam a22002057a 450000100060000000300080000600500170001400800410003103500190007204000260009104100080011708200200012510000240014524500330016930000210020265000330022394200120025699900170026895201470028526979BD-RjUL20211209051109.0140324b1967 ch ||||| |||| 00| 0 eng d a(BD-RjUL)27050 aBD-RjULbengcBD-RjUL aeng a923.2bTSM 1967 aTSE-TUNG MAO982906 aMAO TSE-TUNG /cMAO TSE-TUNG a189 p. ;c16 cm. aliteraturevBiography982907 2ddccBK c26979d26979 00102ddc40728NFICaRUCLbRUCLcReadingd1990-11-03eshqwkat osman dhakag0.00l0o923.2 TSM 1967r2014-03-24 00:00:00tC-1w2014-03-24yBK